IM NRD/RFN/Niemiec na żużlu - Statystyki

Ogólne statystyki
  • Ten quiz został rozwiązany 16 razy
  • Średni wynik to 10 z 29
Statystyki odpowiedzi
Narodowość Rok Odpowiedź % Poprawnych
Niemcy 2007,09-10,15-16,18-20 Martin Smolinski
100%
Niemcy 2013,14 Kai Huckenbeck
79%
RFN 1979,81,83-85 Egon Muller
64%
RFN 1986,92,94,96 Gerd Riss
57%
Niemcy 2008,11,17 Kevin Wolbert
50%
Australia 1997-98 Todd Wiltshire
50%
Niemcy 2006 Christian Hefenbrock
43%
Wielka Brytania 1993,95 Marvyn Cox
43%
Niemcy 2003,05 Matthias Schultz
43%
Niemcy 1999,02,04 Mirko Wolter
43%
Niemcy 2000-01 Robert Barth
43%
Węgry 1991 Zoltan Adorjan
43%
NRD 1970-72 Hans Jurgen Fritz
36%
NRD 1963-65,67-68,73 Jochen Dinse
36%
Niemcy 2022 Norick Blodorn
36%
NRD 1974,76,78-80 Dieter Tetzlaff
29%
NRD 1981-87 Diethelm Triemer
29%
RFN 1980 Georg Gilgenreiner
29%
Niemcy 2012 Tobias Kroner
29%
RFN 1987 Tommy Dunker
29%
RFN 1988-90 Klaus Lausch
21%
NRD 1990 Mike Ott
21%
NRD 1989 Joachim Mell
14%
NRD 1977 Hartmut Ernst
7%
NRD 1988 Herbert Mussehl
7%
RFN 1982 Josef Aigner
7%
NRD 1962, 1966 Jurgen Hehlert
7%
NRD 1975 Clemens Bever
0%
NRD 1991 Thomas Diehr
0%
Nie znaleziono quizów pasujących do podanych kryteriów
Rozkład punktacji
Procent ludzi z każdym wynikiem
Percentyl według liczby udzielonych odpowiedzi
Twoja historia wyników
Nie rozwiązałeś tego quizu